1346 1685 1803 1969 1388 1888 1218 1054 1835 1369 1124 1648 1030 1748 1519 1808 1126 1326 1071 1946 1117 1495 1696 1701 1893 1320 1752 1424 1430 1805 1433 1814 1106 1488 1433 1637 1267 1887 1683 1493 1657 1593 1783 1189 1187 1161 1607 1180 1114 1890 1102 1098 1660 1333 1573 1918 1640 1637 1527 1635 1820 1335 1771 1138 1184 1433 1556 1656 1517 1557 1816 1318 1986 1879 1781 1226 1308 1026 1077 1965 1194 1548 1930 1966 1193 1536 1998 1464 1810 1494 1855 1191 1283 1243 1384 1623 1605 1328 1376 BCNSPRNW ULIB Ver.6.0+V

เปลี่ยนเป็นภาษาไทย

Change to English
 แสดงรายละเอียดบรรณานุกรม
  กลับหน้าหลัก

Brief Record : Get Marc (ISO 2709) : E-mail record : QR code < ปิดหน้าต่าง
LEADER : 00000nam 2200000uu 4500
001    13399123217
003     ULIB
008    020711s2550 th a 000 0 tha d
020    9789748458212
090    นว.^bร111ค
100    รัมย์
245    คุณชายติดหรู vs คุณหนูติดดิน /^cรัมย์
250    พิมพ์ครั้งที่ 1
260    กรุงเทพฯ :^b1168พับลิชชิ่ง,^c2550
300    384 หน้า;^b21 ซม.
710    1168พับลิชชิ่ง
945    ^p219^l0^i20353
999    ^aทศพร เกษรทอง
รายการนี้ยังไม่มีแท็ก
คุณยังไม่ได้ล็อกอิน คุณสามารถมีกิจกรรมร่วมกับเว็บไซต์ได้ แต่ต้องล็อกอินก่อน ::
  ล็อกอิน

รายการสื่อสารสนเทศ

ลำดับที่ ประเภท เลขเรียก/บาร์โค้ด สถานที่ สถานะ
1. นวนิยาย
นวนิยาย
นว. ร111ค ฉ.1 
  Barcode: 20353
ห้องสมุดวิทยาเขตนครสวรรค์
►นวนิยาย:l:Fiction
บนชั้น

รายการใกล้เคียง
    ผู้แต่ง [รัมย์]

BibComment


ยังไม่เคยถูกคอมเมนท์

คอมเมนท์ทรัพยากรรายการนี้
  คอมเมนท์: คุณชายติดหรู vs ค..


 Copyright 2026. Bcnsprnw @Library